| 000 | nam a22 a 4500 | ||
|---|---|---|---|
| 999 |
_c202 _d202 |
||
| 003 | AKMAL | ||
| 005 | 20170426101642.0 | ||
| 008 | 170426s1994 my e f000 0 may d | ||
| 020 |
_a9679933148 ( kkt.): _cRM 10.00 |
||
| 040 | _aAKMAL | ||
| 082 | _a338.9595 DAS | ||
| 090 | 0 | 0 |
_a338.9595 _bDAS |
| 245 | 0 | 0 | _aDasar-dasar pembangunan Malaysia |
| 260 |
_aKuala Lumpur : _bInstitut Tadbiran Awam Negara, _c1994 |
||
| 300 |
_a175ms. ; _c21cm. |
||
| 599 | _aDALAM PROSES | ||
| 651 | 0 |
_aMalaysia _xEconomic policy _949 |
|
| 651 | 0 |
_aMalaysia _xSocial policy _9454 |
|
| 651 | 0 |
_aMalaysia _xCultural policy _9456 |
|
| 710 | 2 |
_aInstitut Tadbiran Awam Negara _9410 |
|
| 942 |
_2ddc _cBOOK |
||